Patrones y obreros
Gardado en:
| Autor Principal: | |
|---|---|
| Formato: | Libro |
| Idioma: | Lingua castelá |
| Publicado: |
Santiago
Jurídica de Chile
1954
|
| Series: | Cartillas del Instituto Histórico y Bibliográfico de Ciencias Jurídicas y Sociales, 7
|
| Subjects: | |
| Tags: |
Engadir etiqueta
Sen Etiquetas, Sexa o primeiro en etiquetar este rexistro!
|
MARC
| LEADER | 00000nam a2200000 a 4500 | ||
|---|---|---|---|
| 001 | UCS2544 | ||
| 003 | CL-VaPUC | ||
| 008 | 970604e19540000CL |||||||||||||||||spa|d | ||
| 082 | 0 | 4 | |a 344.018 |b HUM |2 21 |
| 100 | |a Humeres Magnan, Héctor |e autor |9 476560 | ||
| 245 | 1 | 0 | |a Patrones y obreros |
| 300 | |a 196 p | ||
| 942 | |c BK | ||
| 945 | |d 19970604 00:00:00 |a paguirre | ||
| 260 | |a Santiago |b Jurídica de Chile |c 1954 | ||
| 650 | 7 | |a DERECHO LABORAL |2 CL-VaPUC |9 15 | |
| 650 | 7 | |a CONTRATO DE TRABAJO |2 CL-VaPUC |9 388108 | |
| 650 | 0 | |a Empleados |9 256785 | |
| 650 | 7 | |a EMPLEADORES |2 CL-VaPUC |9 388109 | |
| 650 | 7 | |a DESCANSO |2 CL-VaPUC |9 309706 | |
| 650 | 7 | |a JORNADA DE TRABAJO |2 CL-VaPUC |9 388087 | |
| 650 | 0 | |a Descanso remunerado |9 388088 | |
| 650 | 7 | |a REMUNERACIONES |2 CL-VaPUC |9 371777 | |
| 583 | |a last modification |c 20170712 04:05:25 |k Rodrigo Vera | ||
| 490 | 0 | |a Cartillas del Instituto Histórico y Bibliográfico de Ciencias Jurídicas y Sociales, 7 | |
| 999 | |c 260490 |d 260488 | ||
| 952 | |0 0 |1 0 |4 0 |6 344_018000000000000_HUM_1954 |7 0 |8 A |9 286661 |a BIBDER |b BIBDER |d 2019-11-19 |i 1861026 |o 344.018 HUM 1954 |p 1861026 |r 2023-01-25 |w 2019-11-19 |y BK |k DER | ||